| 000 | 00405nam a2200157Ia 4500 | ||
|---|---|---|---|
| 008 | 230524s9999 xx 000 0 und d | ||
| 082 |
_a621.382 _bCHA |
||
| 100 |
_aV.K.Chandna _924896 |
||
| 245 | 2 | _aA Text Book on Network Theory Circuit Analysis | |
| 250 | _a2ND | ||
| 260 |
_aNEW DELHI _bCyber Tech _c2002 |
||
| 300 | _aXII;630 | ||
| 500 | _aQuantity Number: 1 | ||
| 650 | _aElectrical | ||
| 942 | _cBK | ||
| 999 |
_c36828 _d36828 |
||